[Event "Rheinland Pfalz op 5th"]
[Site "Worms"]
[Date "2013.05.30"]
[Round "2"]
[White "Hirschmann, Jakob"]
[Black "Schoen, Ralf"]
[Result "1-0"]
[WhiteElo "1910"]
[BlackElo "2206"]
[PlyCount "81"]
[EventDate "2013.05.30"]
[EventType "swiss"]
[EventRounds "7"]
[EventCountry "GER"]
[SourceTitle "EXT 2014"]
[Source "ChessBase"]
[SourceDate "2013.11.20"]
[SourceVersion "1"]
[SourceVersionDate "2013.11.20"]
[SourceQuality "1"]

1. e4 c5 2. Ne2 d6 3. g3 Nc6 4. Bg2 g6 5. c3 Bg7 6. 0-0 e6 7. d4 cxd4 8. cxd4 Nge7 9. Nbc3 0-0 10. Be3 b6 11. Rc1 Bb7 12. f4 Na5 13. b3 d5 14. e5 Nf5 15. Bd2 Ba6 16. g4 Ne7 17. Rf3 Qd7 18. Ng3 f6 19. Bf1 Bxf1 20. Qxf1 Nac6 21. Nge2 fxe5 22. fxe5 Bxe5 23. dxe5 Nxe5 24. Rf6 Nxg4 25. Rxf8+ Rxf8 26. Qg2 Ne5 27. Rf1 Rxf1+ 28. Qxf1 Nf5 29. Qf4 Nf7 30. Ng3 N7d6 31. Qe5 Nf7 32. Qf4 Nxg3 33. hxg3 e5 34. Qf3 e4 35. Qf4 g5 36. Qf6 d4 37. Nxe4 Qg4 38. Qxd4 Qd1+ 39. Kg2 h6 40. Nf6+ Kg7 41. Ne8+ 1-0

[Event "GER-ch Net final U14"]
[Site "Playchess.com INT"]
[Date "2012.09.15"]
[Round "6"]
[White "Herbrig, Alexander"]
[Black "Hirschmann, Jakob"]
[Result "1/2-1/2"]
[WhiteElo "1752"]
[BlackElo "1802"]
[PlyCount "129"]
[EventDate "2012.09.15"]
[EventType "swiss (blitz)"]
[EventRounds "9"]
[EventCountry "GER"]
[SourceTitle "CBM 150 Extra"]
[Source "ChessBase"]
[SourceDate "2012.10.19"]
[SourceVersion "1"]
[SourceVersionDate "2012.10.19"]
[SourceQuality "1"]

1. e4 e6 2. d4 d5 3. Nd2 Nf6 4. e5 Nfd7 5. Bd3 c5 6. c3 Nc6 7. Ne2 Qb6 8. Nf3 cxd4 9. cxd4 f6 10. exf6 Bb4+ 11. Bd2 Nxf6 12. 0-0 0-0 13. a3 Bd6 14. b4 e5 15. dxe5 Nxe5 16. Nxe5 Bxe5 17. Rb1 Bxh2+ 18. Kxh2 Ng4+ 19. Kg1 Rxf2 20. Rxf2 Qxf2+ 21. Kh1 Qh4+ 22. Kg1 Qh2+ 23. Kf1 Qh1+ 24. Ng1 Nh2+ 25. Kf2 Bg4 26. Nf3 Qxd1 27. Rxd1 Nxf3 28. gxf3 Rf8 29. Be2 Bf5 30. Bc3 Be6 31. Rg1 Rf7 32. Ke3 Kf8 33. f4 g6 34. Bd4 b6 35. Bf3 Rc7 36. Rg5 Rd7 37. Re5 Kf7 38. b5 h5 39. Bg2 h4 40. Rxe6 Kxe6 41. Bh3+ Ke7 42. Bxd7 Kxd7 43. Kf3 Ke6 44. Kg4 h3 45. Kxh3 Kf5 46. Kg3 Ke4 47. Be5 g5 48. Bb8 gxf4+ 49. Bxf4 Kd3 50. Kf3 Kc4 51. Ke3 Kxb5 52. Bd6 Kc4 53. Bf8 d4+ 54. Kd2 a6 55. Bb4 b5 56. Bf8 a5 57. Be7 b4 58. axb4 axb4 59. Kc2 b3+ 60. Kb2 d3 61. Bg5 Kb4 62. Bd2+ Kc4 63. Bc3 d2 64. Bxd2 Kd3 65. Kxb3 1/2-1/2

[Event "GER-ch Net qual4 U18"]
[Site "Playchess.com INT"]
[Date "2012.09.12"]
[Round "7"]
[White "Hirschmann, Jakob"]
[Black "Jermann, Isabel"]
[Result "1-0"]
[WhiteElo "1831"]
[BlackElo "1486"]
[PlyCount "75"]
[EventDate "2012.09.12"]
[EventType "swiss (blitz)"]
[EventRounds "7"]
[EventCountry "GER"]
[SourceTitle "CBM 150 Extra"]
[Source "ChessBase"]
[SourceDate "2012.10.19"]
[SourceVersion "1"]
[SourceVersionDate "2012.10.19"]
[SourceQuality "1"]

1. e4 c5 2. Ne2 e6 3. g3 Nc6 4. Bg2 Nf6 5. c3 a6 6. d4 cxd4 7. cxd4 d5 8. e5 Nd7 9. Nbc3 Bb4 10. a3 Ba5 11. b4 Bb6 12. Bb2 0-0 13. Rc1 f6 14. exf6 Nxf6 15. Na4 Ba7 16. Nc5 b6 17. Nxe6 Bxe6 18. Rxc6 Qd7 19. Rc3 Ne4 20. Rf3 b5 21. Nf4 Bg4 22. 0-0 Bxf3 23. Bxf3 Nf6 24. Qb3 Rfd8 25. Re1 g5 26. Ne6 h6 27. Re5 Kf7 28. Bc1 Rac8 29. Bxg5 hxg5 30. Nxg5+ Kf8 31. Ne6+ Kf7 32. Nxd8+ Rxd8 33. Qe3 Kf8 34. Qh6+ Kg8 35. Rg5+ Kf7 36. Rg7+ Ke6 37. Bg4+ Kd6 38. Qxf6+ 1-0

[Event "GER-ch Net qual4 U18"]
[Site "Playchess.com INT"]
[Date "2012.09.12"]
[Round "2"]
[White "Schroeder, Jan Christian"]
[Black "Hirschmann, Jakob"]
[Result "1-0"]
[WhiteElo "2125"]
[BlackElo "1863"]
[PlyCount "89"]
[EventDate "2012.09.12"]
[EventType "swiss (blitz)"]
[EventRounds "7"]
[EventCountry "GER"]
[SourceTitle "CBM 150 Extra"]
[Source "ChessBase"]
[SourceDate "2012.10.19"]
[SourceVersion "1"]
[SourceVersionDate "2012.10.19"]
[SourceQuality "1"]

1. d4 f5 2. c4 e6 3. Nc3 Nf6 4. Bg5 d6 5. e4 h6 6. Bxf6 Qxf6 7. Nf3 f4 8. e5 Qf7 9. Bd3 Be7 10. Qc2 Kd8 11. 0-0-0 Nc6 12. a3 Bd7 13. d5 exd5 14. Bg6 Qf8 15. Nxd5 Bg5 16. h4 Be7 17. Nxe7 Qxe7 18. exd6 cxd6 19. Rhe1 Qf6 20. c5 Rc8 21. Rxd6 Qf8 22. Red1 Rc7 23. Bf5 Nb8 24. Ne5 Kc8 25. Nxd7 Nxd7 26. Rxd7 Kb8 27. Rxc7 Kxc7 28. Rd7+ Kb8 29. Be4 f3 30. gxf3 Qf4+ 31. Kb1 Qxh4 32. Rxb7+ Kc8 33. Qd3 Rd8 34. Qc4 Qf6 35. Rxa7 Rd1+ 36. Ka2 Kd8 37. c6 Rd2 38. c7+ Kc8 39. Qg8+ Kd7 40. c8Q+ Kd6 41. Rd7+ Ke5 42. Rxd2 Kf4 43. Qcf8 h5 44. Qgxg7 Qf7+ 45. Qfxf7# 1-0

[Event "Nuremberg LGA Cup 9th"]
[Site "Nuremberg"]
[Date "2012.09.09"]
[Round "6"]
[White "Steinmueller, Alexander"]
[Black "Hirschmann, Jakob"]
[Result "1-0"]
[WhiteElo "2068"]
[BlackElo "1897"]
[PlyCount "83"]
[EventDate "2012.09.06"]
[EventType "swiss"]
[EventRounds "7"]
[EventCountry "GER"]
[SourceTitle "CBM 150 Extra"]
[Source "ChessBase"]
[SourceDate "2012.10.19"]
[SourceVersion "1"]
[SourceVersionDate "2012.10.19"]
[SourceQuality "1"]

1. e4 e6 2. d4 d5 3. e5 c5 4. c3 Nc6 5. Nf3 Qb6 6. Bd3 cxd4 7. cxd4 Bd7 8. 0-0 Nxd4 9. Nxd4 Qxd4 10. Nc3 a6 11. Qe2 Rc8 12. Kh1 Bc5 13. f4 Nh6 14. Nd1 Nf5 15. g4 Nh6 16. h3 Ng8 17. Be3 Qb4 18. f5 Bb5 19. Bxb5+ axb5 20. Rf4 Qa5 21. fxe6 fxe6 22. Bxc5 Rxc5 23. b4 Qa4 24. Qf3 Ne7 25. bxc5 Qc2 26. Qe3 Ng6 27. Rf2 Qc4 28. Rc1 d4 29. Qg5 Qd5+ 30. Kg1 Rg8 31. Nb2 Nxe5 32. Qf4 g5 33. Qg3 Kd7 34. Re1 Ng6 35. Nd3 Re8 36. Rf7+ Ne7 37. Re5 Qxa2 38. Rxg5 b4 39. Qd6+ Kc8 40. Rxe7 Qb1+ 41. Kg2 Qxd3 42. Qc7# 1-0

[Event "Nuremberg LGA Cup 9th"]
[Site "Nuremberg"]
[Date "2012.09.07"]
[Round "4"]
[White "Hirschmann, Jakob"]
[Black "Willim, Michael1111"]
[Result "1-0"]
[WhiteElo "1897"]
[BlackElo "2107"]
[PlyCount "83"]
[EventDate "2012.09.06"]
[EventType "swiss"]
[EventRounds "7"]
[EventCountry "GER"]
[SourceTitle "CBM 150 Extra"]
[Source "ChessBase"]
[SourceDate "2012.10.19"]
[SourceVersion "1"]
[SourceVersionDate "2012.10.19"]
[SourceQuality "1"]

1. e4 e6 2. d3 c5 3. Nc3 Nc6 4. g3 g6 5. Bg2 Bg7 6. Be3 d6 7. Qd2 Rb8 8. Nge2 Nd4 9. Nd1 Ne7 10. Nc1 h6 11. c3 Ndc6 12. Ne2 Qa5 13. d4 cxd4 14. Nxd4 Ne5 15. b4 Qd8 16. Nb2 a6 17. h3 Qc7 18. 0-0 Nc4 19. Nxc4 Qxc4 20. Rfd1 0-0 21. Bxh6 Bxh6 22. Qxh6 Qxc3 23. Nf3 d5 24. Rac1 Qg7 25. Qf4 Bd7 26. Qd6 Ba4 27. Qxe7 Bxd1 28. Rxd1 dxe4 29. Nh2 Rfe8 30. Qc7 Rec8 31. Qb6 Qb2 32. Ng4 Rc1 33. Rxc1 Qxc1+ 34. Kh2 Qb2 35. Qc7 Rf8 36. Qxb7 Qxa2 37. Bxe4 f5 38. Nh6+ Kh8 39. Qe7 Qxf2+ 40. Bg2 Rb8 41. Nf7+ Kg8 42. Ng5 1-0

[Event "GER-ch Net qual1 U14"]
[Site "Playchess.com INT"]
[Date "2012.09.01"]
[Round "2"]
[White "Rempe, Moritz"]
[Black "Hirschmann, Jakob"]
[Result "0-1"]
[WhiteElo "1537"]
[BlackElo "1839"]
[PlyCount "58"]
[EventDate "2012.09.01"]
[EventType "swiss (blitz)"]
[EventRounds "7"]
[EventCountry "GER"]
[SourceTitle "CBM 150 Extra"]
[Source "ChessBase"]
[SourceDate "2012.10.19"]
[SourceVersion "1"]
[SourceVersionDate "2012.10.19"]
[SourceQuality "1"]

1. e4 e6 2. d4 d5 3. exd5 exd5 4. Nc3 Nc6 5. Nf3 Bb4 6. Bd2 Nge7 7. a3 Bd6 8. Bd3 Bg4 9. Be3 f5 10. h3 f4 11. hxg4 fxe3 12. fxe3 Bg3+ 13. Ke2 g6 14. Rh3 Bd6 15. Ng5 h6 16. Nf3 Qd7 17. Qh1 Qxg4 18. Rg1 h5 19. Rh4 Qe6 20. g4 Bf4 21. Nd1 0-0-0 22. gxh5 g5 23. Rh3 g4 24. Rh4 gxf3+ 25. Qxf3 Nxd4+ 26. Kf2 Nxf3 27. Kxf3 Be5 28. Rg5 Rdf8+ 29. Ke2 Bf6 0-1

[Event "Karl Mala Memorial op 15th"]
[Site "Frankfurt"]
[Date "2012.07.06"]
[Round "3"]
[White "Hirschmann, Jakob"]
[Black "Hahn, Markus"]
[Result "1/2-1/2"]
[WhiteElo "1886"]
[BlackElo "2146"]
[PlyCount "49"]
[EventDate "2012.07.05"]
[EventType "swiss"]
[EventRounds "7"]
[EventCountry "GER"]
[SourceTitle "CBM 149 Extra"]
[Source "ChessBase"]
[SourceDate "2012.08.24"]
[SourceVersion "1"]
[SourceVersionDate "2012.08.24"]
[SourceQuality "1"]

1. e4 c5 2. Ne2 e6 3. g3 d6 4. Bg2 Nc6 5. c3 Nge7 6. 0-0 h5 7. h4 g6 8. d4 cxd4 9. cxd4 Bg7 10. Be3 0-0 11. Nbc3 b6 12. Rc1 Ba6 13. Qd2 Kh7 14. Rfd1 Rc8 15. Kh2 Ng8 16. Bh3 Nh6 17. f3 Rc7 18. Kg2 Ng8 19. b3 Nce7 20. Nf4 Bh6 21. Nd3 Bxd3 22. Bxh6 Nxh6 23. Qxd3 d5 24. e5 Qd7 25. Rc2 1/2-1/2

[Event "GER-ch U14"]
[Site "Oberhof"]
[Date "2012.05.31"]
[Round "7"]
[White "Hirschmann, Jakob"]
[Black "Fluechter, Gregor"]
[Result "1/2-1/2"]
[WhiteElo "1889"]
[BlackElo "1940"]
[PlyCount "96"]
[EventDate "2012.05.27"]
[EventType "swiss"]
[EventRounds "9"]
[EventCountry "GER"]
[SourceTitle "CBM 148 Extra"]
[Source "ChessBase"]
[SourceDate "2012.06.22"]
[SourceVersion "1"]
[SourceVersionDate "2012.06.22"]
[SourceQuality "1"]

1. e4 c5 2. Ne2 d6 3. g3 Nf6 4. Bg2 Nc6 5. c3 g6 6. d4 cxd4 7. cxd4 Bg7 8. 0-0 0-0 9. Nbc3 Bd7 10. h3 Rc8 11. Be3 b6 12. Rc1 Na5 13. b3 b5 14. e5 Ne8 15. f4 b4 16. Ne4 d5 17. Nc5 e6 18. Bd2 Nc6 19. Rc2 a5 20. Be3 Na7 21. Bc1 Qe7 22. Bb2 Nc7 23. Nc1 Ncb5 24. N1d3 Nc6 25. Nxd7 Qxd7 26. Nc5 Qe7 27. Qd3 Nca7 28. Rfc1 Rc7 29. Bf1 Rfc8 30. Qd2 Qe8 31. Na4 Rxc2 32. Rxc2 Rxc2 33. Qxc2 Qb8 34. Kf2 Bf8 35. Ke3 Qb7 36. g4 Qd7 37. Bd3 Bh6 38. Kf3 Qe7 39. Bxb5 Nxb5 40. Qc8+ Bf8 41. Qa6 Qh4 42. Qxb5 Qxh3+ 43. Kf2 Qxg4 44. Bc1 Qh4+ 45. Kg2 Qg4+ 46. Kf2 Qh4+ 47. Kg2 Qg4+ 48. Kf2 Qh4+ 1/2-1/2

[Event "GER-ch U14"]
[Site "Oberhof"]
[Date "2012.05.28"]
[Round "3"]
[White "Hirschmann, Jakob"]
[Black "Perske, Thore"]
[Result "1-0"]
[WhiteElo "1889"]
[BlackElo "2082"]
[PlyCount "73"]
[EventDate "2012.05.27"]
[EventType "swiss"]
[EventRounds "9"]
[EventCountry "GER"]
[SourceTitle "CBM 148 Extra"]
[Source "ChessBase"]
[SourceDate "2012.06.22"]
[SourceVersion "1"]
[SourceVersionDate "2012.06.22"]
[SourceQuality "1"]

1. e4 e6 2. d3 d5 3. Nd2 Nf6 4. Ngf3 c5 5. g3 Nc6 6. Bg2 Be7 7. 0-0 0-0 8. Re1 b5 9. e5 Nd7 10. Nf1 a5 11. h4 b4 12. Bf4 a4 13. N1h2 Ba6 14. Ng5 Qe8 15. c4 bxc3 16. bxc3 Nb6 17. Rb1 Rb8 18. Ng4 h6 19. Nh3 Rb7 20. Re2 Nd8 21. Reb2 Na8 22. Rxb7 Bxb7 23. Bxh6 gxh6 24. Nf6+ Bxf6 25. exf6 Kh7 26. Qg4 Rg8 27. Ng5+ Kh8 28. c4 Rg6 29. Qh5 Kg8 30. Nh3 Rxf6 31. Nf4 Rf5 32. Qg4+ Kh7 33. cxd5 Re5 34. Nh5 Qh8 35. dxe6 Bxg2 36. exf7 Bd5 37. Nf6+ 1-0

[Event "GER-ch U14"]
[Site "Oberhof"]
[Date "2012.05.27"]
[Round "2"]
[White "Hirschmann, Jakob"]
[Black "Berkov, Mikhail"]
[Result "1-0"]
[WhiteElo "1889"]
[BlackElo "1713"]
[PlyCount "37"]
[EventDate "2012.05.27"]
[EventType "swiss"]
[EventRounds "9"]
[EventCountry "GER"]
[SourceTitle "CBM 148 Extra"]
[Source "ChessBase"]
[SourceDate "2012.06.22"]
[SourceVersion "1"]
[SourceVersionDate "2012.06.22"]
[SourceQuality "1"]

1. e4 c5 2. Ne2 e6 3. g3 Nc6 4. Bg2 g6 5. d4 cxd4 6. Nxd4 Bg7 7. Nb5 Qa5+ 8. N1c3 a6 9. Nd6+ Ke7 10. 0-0 Qb4 11. Nxc8+ Rxc8 12. a3 Qd4 13. Qe2 Na5 14. Be3 Qc4 15. Qd3 Nf6 16. Rad1 Qc7 17. Bf4 Qd8 18. e5 Nc4 19. exf6+ 1-0

[Event "GER-ch U14"]
[Site "Oberhof"]
[Date "2012.05.27"]
[Round "1"]
[White "Schroeder, Jan Christian"]
[Black "Hirschmann, Jakob"]
[Result "1-0"]
[WhiteElo "2282"]
[BlackElo "1889"]
[PlyCount "109"]
[EventDate "2012.05.27"]
[EventType "swiss"]
[EventRounds "9"]
[EventCountry "GER"]
[SourceTitle "CBM 148 Extra"]
[Source "ChessBase"]
[SourceDate "2012.06.22"]
[SourceVersion "1"]
[SourceVersionDate "2012.06.22"]
[SourceQuality "1"]

1. e4 e6 2. d4 d5 3. e5 c5 4. c3 Nc6 5. Nf3 Bd7 6. Be2 f6 7. 0-0 Qc7 8. Re1 fxe5 9. Nxe5 Nxe5 10. dxe5 0-0-0 11. c4 Bc6 12. Bg4 Qf7 13. cxd5 Rxd5 14. Qe2 Ne7 15. Nc3 Rd8 16. Nb5 Bxb5 17. Qxb5 Nc6 18. Be3 Nd4 19. Bxd4 Rxd4 20. Bf3 a6 21. Qb3 Rb4 22. Qc3 Be7 23. a3 Rb5 24. Rad1 Rd8 25. Rxd8+ Bxd8 26. a4 Ba5 27. Qc4 Bxe1 28. axb5 axb5 29. Qxc5+ Kb8 30. Qxb5 Qe7 31. g3 Bb4 32. Kg2 h6 33. h4 Bc5 34. h5 Bd4 35. b3 Bc5 36. Qc4 Bb6 37. Bg4 Qc5 38. Qxc5 Bxc5 39. Bxe6 Be7 40. f4 Kc7 41. Kf3 Kd8 42. Ke4 Ke8 43. Kf5 Kf8 44. g4 Bb4 45. Bd5 b6 46. g5 hxg5 47. fxg5 Bd2 48. Kg6 Bf4 49. e6 Be5 50. Kh7 Bd6 51. h6 gxh6 52. g6 Be5 53. Kxh6 Bf6 54. e7+ Kxe7 55. g7 1-0

[Event "Rheinland Pfalz op 3rd"]
[Site "Gau Algesheim"]
[Date "2011.07.30"]
[Round "4"]
[White "Taeger, Torsten"]
[Black "Hirschmann, Jakob"]
[Result "1/2-1/2"]
[WhiteElo "2127"]
[BlackElo "1799"]
[PlyCount "85"]
[EventDate "2011.07.28"]
[EventType "swiss"]
[EventRounds "7"]
[EventCountry "GER"]
[SourceTitle "EXT 2013"]
[Source "ChessBase"]
[SourceDate "2012.11.22"]
[SourceVersion "1"]
[SourceVersionDate "2012.11.22"]
[SourceQuality "1"]

1. e4 e6 2. d3 d5 3. Nd2 c5 4. Ngf3 Nf6 5. g3 Be7 6. Bg2 0-0 7. 0-0 Nc6 8. Qe2 b5 9. exd5 exd5 10. c3 a5 11. Ne5 Nxe5 12. Qxe5 Bd6 13. Qe1 Re8 14. Qd1 Ra7 15. Re1 Rae7 16. Rxe7 Qxe7 17. Nf3 h6 18. Bd2 Bg4 19. Qf1 Qe2 20. Re1 Qxf1+ 21. Kxf1 Re6 22. Rxe6 fxe6 23. h3 Bf5 24. Ke2 e5 25. g4 Bh7 26. a3 c4 27. Ne1 g5 28. Be3 b4 29. cxb4 axb4 30. dxc4 dxc4 31. Kd2 Ne4+ 32. Bxe4 Bxe4 33. f3 Bc6 34. Ke2 b3 35. Bc1 e4 36. fxe4 Bxe4 37. Nf3 Kf7 38. Kf2 Ke6 39. Nd4+ Kd5 40. Be3 Bxa3 41. Bc1 Bc5 42. Be3 Ba3 43. Bc1 1/2-1/2

[Event "Karl Mala Memorial op 14th"]
[Site "Frankfurt"]
[Date "2011.07.10"]
[Round "7"]
[White "Hirschmann, Jakob"]
[Black "Hess, Steffen"]
[Result "0-1"]
[WhiteElo "1799"]
[BlackElo "2005"]
[PlyCount "88"]
[EventDate "2011.07.07"]
[EventType "swiss"]
[EventRounds "7"]
[EventCountry "GER"]
[SourceTitle "EXT 2012"]
[Source "ChessBase"]
[SourceDate "2011.11.24"]
[SourceVersion "1"]
[SourceVersionDate "2011.11.24"]
[SourceQuality "1"]

1. e4 e6 2. d4 d5 3. e5 c5 4. c3 Nc6 5. Nf3 Qb6 6. a3 Nh6 7. b4 cxd4 8. cxd4 Nf5 9. Be3 f6 10. exf6 gxf6 11. Nc3 Bd7 12. Bd3 Nxe3 13. fxe3 Nxb4 14. axb4 Bxb4 15. Rc1 Rc8 16. 0-0 Rxc3 17. Rxc3 Bxc3 18. Ne5 fxe5 19. Qh5+ Kd8 20. Qxe5 Re8 21. Bxh7 Bb4 22. Bg6 Bd6 23. Qg5+ Re7 24. h4 Kc7 25. h5 Be8 26. h6 Bxg6 27. Qxg6 Qb3 28. Rc1+ Kd7 29. Re1 Qc3 30. Qb1 Kd8 31. Re2 Qc6 32. Rb2 Qd7 33. Qg6 Qe8 34. Qg5 Kc8 35. Rc2+ Kb8 36. Qh4 Qg6 37. Rf2 a6 38. Rf6 Qb1+ 39. Rf1 Qe4 40. Qg5 Ka7 41. Rf8 Rc7 42. Rf1 e5 43. Qf6 Qxe3+ 44. Kh2 Rh7 0-1

[Event "Karl Mala Memorial op 14th"]
[Site "Frankfurt"]
[Date "2011.07.09"]
[Round "4"]
[White "Willems, Matthias"]
[Black "Hirschmann, Jakob"]
[Result "1/2-1/2"]
[WhiteElo "2053"]
[BlackElo "1799"]
[PlyCount "91"]
[EventDate "2011.07.07"]
[EventType "swiss"]
[EventRounds "7"]
[EventCountry "GER"]
[SourceTitle "EXT 2012"]
[Source "ChessBase"]
[SourceDate "2011.11.24"]
[SourceVersion "1"]
[SourceVersionDate "2011.11.24"]
[SourceQuality "1"]

1. c4 e5 2. g3 Nc6 3. Bg2 g6 4. Nc3 Bg7 5. d3 d6 6. Nf3 Nge7 7. 0-0 0-0 8. Rb1 h6 9. b4 f5 10. b5 Nb8 11. Qb3 c6 12. bxc6 Nbxc6 13. Ba3 a6 14. Rfc1 g5 15. Nd2 Be6 16. Qb6 Qe8 17. Qxb7 e4 18. Bxd6 Ra7 19. Qb3 Rd7 20. Qa3 Qh5 21. Nd5 Re8 22. Nc7 Rxc7 23. Bxc7 Qxe2 24. Nb3 Nd4 25. Nxd4 Bxd4 26. Rf1 exd3 27. Qd6 Bc3 28. Bf3 Qxf3 29. Qxe6+ Kf8 30. Qxh6+ Bg7 31. Qxg5 Kf7 32. Rfe1 Bd4 33. Re3 Bxe3 34. Qxe3 Qxe3 35. fxe3 Rc8 36. Ba5 Rxc4 37. Rd1 Nc6 38. Bb6 Ne5 39. Bd4 Nf3+ 40. Kg2 Nxd4 41. exd4 Rxd4 42. Rd2 Rc4 43. Kf3 Rc3 44. Ke3 Ra3 45. h3 Kf6 46. Rxd3 1/2-1/2

[Event "GER-ch Net final U14"]
[Site "Playchess.com INT"]
[Date "2011.05.18"]
[Round "6"]
[White "Wiesner, Paula"]
[Black "Hirschmann, Jakob"]
[Result "1-0"]
[WhiteElo "1653"]
[BlackElo "1829"]
[PlyCount "85"]
[EventDate "2011.05.18"]
[EventType "swiss (blitz)"]
[EventRounds "9"]
[EventCountry "GER"]
[SourceTitle "CBM 142 Extra"]
[Source "ChessBase"]
[SourceDate "2011.06.27"]
[SourceVersion "1"]
[SourceVersionDate "2011.06.27"]
[SourceQuality "1"]

1. d4 e6 2. e4 d5 3. Nd2 Nf6 4. e5 Nfd7 5. Bd3 c5 6. c3 Nc6 7. Ne2 Qb6 8. Nf3 cxd4 9. cxd4 f6 10. exf6 Nxf6 11. 0-0 Bd6 12. b3 0-0 13. Re1 e5 14. dxe5 Nxe5 15. Nxe5 Bxe5 16. Be3 Bxh2+ 17. Kxh2 Ng4+ 18. Kg1 Nxe3 19. fxe3 Qxe3+ 20. Kh1 Rf6 21. Ng1 Rh6+ 22. Nh3 Qb6 23. Qf3 Be6 24. Bf5 Bf7 25. Qe3 Qf6 26. Qe5 Qb6 27. Qe3 Qc6 28. Rac1 Qa6 29. Qe2 Qf6 30. Qe5 Qh4 31. Rc7 Rf8 32. Qe7 Qxe7 33. Rexe7 Bh5 34. Rxg7+ Kh8 35. Rxh7+ Rxh7 36. Rxh7+ Kg8 37. Rxh5 Kg7 38. g4 Re8 39. Rh7+ Kf6 40. Kg2 Re2+ 41. Kf3 Rxa2 42. Kf4 d4 43. g5# 1-0

[Event "GER-ch Net qual4 U14"]
[Site "Playchess.com INT"]
[Date "2011.05.11"]
[Round "2"]
[White "Hirschmann, Jakob"]
[Black "Buckels, Valentin"]
[Result "1-0"]
[WhiteElo "1802"]
[BlackElo "1593"]
[PlyCount "199"]
[EventDate "2011.05.11"]
[EventType "swiss (blitz)"]
[EventRounds "7"]
[EventCountry "GER"]
[SourceTitle "CBM 142 Extra"]
[Source "ChessBase"]
[SourceDate "2011.06.27"]
[SourceVersion "1"]
[SourceVersionDate "2011.06.27"]
[SourceQuality "1"]

1. e4 c5 2. Nc3 d6 3. g3 Nc6 4. Bg2 Nf6 5. d3 g6 6. Nge2 Bg7 7. h3 0-0 8. f4 Bd7 9. 0-0 Qc8 10. g4 h5 11. g5 Ne8 12. Kh2 Nc7 13. Ng3 Ne6 14. f5 Ned4 15. f6 exf6 16. gxf6 Bh8 17. Nd5 Be6 18. Bh6 Re8 19. Nf4 Qd8 20. Nfxh5 gxh5 21. Nxh5 Ne5 22. c3 Ndc6 23. Qd2 Ng6 24. Bg7 Bxg7 25. fxg7 Kh7 26. Qe2 Qg5 27. Nf6+ Kxg7 28. Nxe8+ Rxe8 29. Rf3 Nf4 30. Qf2 Ng6 31. Rf1 Kf8 32. Rxf7+ Kg8 33. Rf3 Qh4 34. Rg3 Kh7 35. e5 dxe5 36. Be4 Nce7 37. Qg2 Rg8 38. Rg1 Qf4 39. Kh1 Qh6 40. Kh2 Bf5 41. Bxf5 Nxf5 42. Qxb7+ Rg7 43. Qe4 Nxg3 44. Rxg3 Qf4 45. Qg2 Nh4 46. Qe4+ Qxe4 47. dxe4 Ng6 48. Rg5 Re7 49. Kg3 Kh6 50. Rf5 Kg7 51. h4 Rf7 52. Rg5 Kf6 53. Rf5+ Ke6 54. Rxf7 Kxf7 55. Kg4 Nf4 56. Kf5 Nd3 57. b3 Kg7 58. Ke6 Kh6 59. Kd5 Kh5 60. Kc4 Nf4 61. Kxc5 Kxh4 62. Kd6 Ng6 63. c4 Kg4 64. c5 Kf4 65. c6 Nh4 66. c7 Nf3 67. c8Q Kxe4 68. Qa8+ Kf4 69. Qf8+ Ke4 70. Qa8+ Kf4 71. Qxa7 e4 72. Qf7+ Ke3 73. b4 Kf2 74. b5 e3 75. Qa7 Ke2 76. b6 Kd2 77. b7 e2 78. Qa5+ Kd3 79. Qb5+ Ke3 80. Qb3+ Kf2 81. Qb1 e1Q 82. Qxe1+ Nxe1 83. b8Q Nd3 84. Qf8+ Ke3 85. a4 Kd4 86. Qg7+ Kc4 87. Qg4+ Kb3 88. a5 Nb4 89. Qxb4+ Kxb4 90. a6 Kb5 91. a7 Kb6 92. a8Q Kb5 93. Qc8 Kb6 94. Qc6+ Ka5 95. Qb7 Ka4 96. Kc5 Ka3 97. Kc4 Ka2 98. Qb4 Ka1 99. Kc3 Ka2 100. Qb2# 1-0

[Event "GER-ch Net qual4 U14"]
[Site "Playchess.com INT"]
[Date "2011.05.11"]
[Round "4"]
[White "Hoffmann, Tim"]
[Black "Hirschmann, Jakob"]
[Result "0-1"]
[WhiteElo "1962"]
[BlackElo "1802"]
[PlyCount "107"]
[EventDate "2011.05.11"]
[EventType "swiss (blitz)"]
[EventRounds "7"]
[EventCountry "GER"]
[SourceTitle "CBM 142 Extra"]
[Source "ChessBase"]
[SourceDate "2011.06.27"]
[SourceVersion "1"]
[SourceVersionDate "2011.06.27"]
[SourceQuality "1"]

1. e4 e6 2. d4 d5 3. Nd2 Nf6 4. e5 Nfd7 5. Bd3 c5 6. c3 Nc6 7. Ne2 Qb6 8. Nf3 cxd4 9. cxd4 f6 10. exf6 Bb4+ 11. Bd2 Nxf6 12. 0-0 0-0 13. a3 Bd6 14. Ng3 Qxb2 15. a4 Nxd4 16. Nxd4 Qxd4 17. Be3 Qg4 18. f3 Qb4 19. Qc2 Bd7 20. Rfb1 Qa5 21. Rxb7 Rfc8 22. Qe2 Rab8 23. Rxa7 Qc3 24. Rc1 Qxc1+ 25. Bxc1 Rxc1+ 26. Nf1 Bc5+ 27. Kh1 Bxa7 28. h3 Kf7 29. Kh2 Bxa4 30. Qa2 Rb4 31. Qa3 Rd4 32. Qxc1 Bb8+ 33. Kg1 Rxd3 34. Qb1 Rb3 35. Qa2 Rb4 36. Qa3 Bd6 37. Qc1 Rc4 38. Qd2 Bb5 39. Ne3 Bc5 40. Kh2 Ra4 41. Nc2 Ra2 42. Qc3 Bd6+ 43. Kg1 Bc4 44. Ne3 Bc5 45. Kh1 Ra3 46. Qb2 Rxe3 47. Qb7+ Kg6 48. Qc7 Re1+ 49. Kh2 Bg1+ 50. Kg3 Nh5+ 51. Kh4 Bf2+ 52. Kg4 Nf6+ 53. Kf4 e5+ 54. Qxe5 0-1

[Event "GER-ch Net qual3 U14"]
[Site "Playchess.com INT"]
[Date "2011.05.08"]
[Round "5"]
[White "Hirschmann, Jakob"]
[Black "Huchebrink, Chris"]
[Result "0-1"]
[WhiteElo "1846"]
[BlackElo "1755"]
[PlyCount "98"]
[EventDate "2011.05.08"]
[EventType "swiss (blitz)"]
[EventRounds "7"]
[EventCountry "GER"]
[SourceTitle "CBM 142 Extra"]
[Source "ChessBase"]
[SourceDate "2011.06.27"]
[SourceVersion "1"]
[SourceVersionDate "2011.06.27"]
[SourceQuality "1"]

1. e4 c5 2. Nc3 e6 3. g3 d5 4. exd5 exd5 5. Bg2 Nf6 6. d3 Be7 7. Nge2 0-0 8. d4 c4 9. 0-0 Nc6 10. Nf4 Be6 11. Nxe6 fxe6 12. Bh3 Qd6 13. Re1 Nd8 14. Bf4 Qb6 15. Rb1 Bb4 16. Re3 Bxc3 17. bxc3 Qa6 18. Qe1 Re8 19. Bc7 Ne4 20. f3 Ng5 21. Bg4 g6 22. h4 h5 23. Bxh5 gxh5 24. hxg5 Nf7 25. g6 Nh8 26. Re5 Qc6 27. Ba5 Nxg6 28. Rxh5 b6 29. Bb4 Kg7 30. Rg5 Rh8 31. Qe5+ Kf7 32. Qe3 Rh3 33. Kg2 Rah8 34. Rg1 Rh2+ 35. Kf1 Rxc2 36. Rxg6 Kxg6 37. Be7 Rg8 38. Qg5+ Kf7 39. Qf6+ Ke8 40. Bb4 Rc1+ 41. Kg2 Rc2+ 42. Kh3 Qd7 43. Qh6 Re2 44. Qh5+ Qf7 45. Qh4 Qg7 46. Qh5+ Kd7 47. Qg4 Rh8+ 48. Qh4 Rxh4+ 49. Kxh4 Rh2# 0-1